000 00415nam a22001697a 4500
005 20160623100123.0
008 160623b xxu||||| |||| 00| 0 eng d
020 _a0-07-1127-40-2
041 _aeng
082 _b9265
100 _aChandra, Prasanna
_91156
245 _aProjects Planning Analysis Selection Implementation & Review
260 _bTMH
300 _a563
650 _aManagement
_9241
942 _cBK
999 _c3622
_d3621